Niektoré teoretické a metodologické aspekty populačnej politiky a náčrt jej koncepcie pre Slovenskú republiku

Dôsledky demografického vývoja - dôvody na vznik koncepcie. Zahraničné reakcie a skúsenosti. Doterajšie aktivity na Slovensku. Teoretický a metodologický koncept populačnej politiky. Definícia populačnej politiky. Ciele a potreba populačnej politiky. Opatrenia populačnej politiky. Vyvážený demografi...

Description complète

Enregistré dans:
Détails bibliographiques
Auteur principal: Bleha, Branislav
Autres auteurs: Vaňo, Boris
Format: Chapitre de livre
Langue:slovaque
Sujets:
Tags: Ajouter un tag
Pas de tags, Soyez le premier à ajouter un tag!

MARC

LEADER 00000naa$a2200000$$$4500
001 0054229
005 20231102120100.7
041 0 |a slo 
044 |a SK 
245 1 0 |a Niektoré teoretické a metodologické aspekty populačnej politiky a náčrt jej koncepcie pre Slovenskú republiku  |c Branislav Bleha, Boris Vaňo 
520 |a Dôsledky demografického vývoja - dôvody na vznik koncepcie. Zahraničné reakcie a skúsenosti. Doterajšie aktivity na Slovensku. Teoretický a metodologický koncept populačnej politiky. Definícia populačnej politiky. Ciele a potreba populačnej politiky. Opatrenia populačnej politiky. Vyvážený demografický vývoj a štruktúra obyvateľstva patria k základným predpokladom úspešného rozvoja každej spoločnosti. 
610 2 0 |a politika populačná 
610 2 0 |a politika rodinná 
610 2 0 |a migrácia 
610 2 0 |a demografia 
610 2 0 |a metodológia 
610 2 0 |a koncepcie 
610 2 0 |a Slovensko 
100 1 |a Bleha, Branislav 
700 1 |a Vaňo, Boris